| 000 | 00757cam a2200253 a 4500 | ||
|---|---|---|---|
| 008 | |||
| 020 | _a075064527X (pbk.) | ||
| 049 | _aMAIN | ||
| 050 | 0 | 0 | _aTK7871.58.A9SEL |
| 100 | 1 | _aSelf, Douglas. | |
| 245 | 1 | 0 |
_aAudio power amplifier design handbook / _cDouglas Self. |
| 250 | _a2nd ed. | ||
| 260 |
_aOxford ; Boston : _bNewnes, _c2000. |
||
| 300 |
_axvi, 367 p. : _bill. ; _c24 cm. |
||
| 504 | _aIncludes bibliographical references. | ||
| 500 | _aIncludes index. | ||
| 650 | 0 |
_aAudio amplifiers _xDesign and construction. |
|
| 650 | 0 |
_aPower amplifiers _xDesign and construction. |
|
| 907 |
_a.b10203199 _b09-06-06 _c18-05-06 |
||
| 003 | |||
| 005 | 20230123134215.0 | ||
| 040 | _cNUST | ||
| 942 | _cBOOKS | ||
| 999 |
_c161903 _d161903 |
||